000 00443nam a2200133Ia 4500
008 170221s9999 xx 000 0 und d
100 _aRichard J. Braun
245 _aPredatory Hiring as Exclusionary Conduct: A New Perspective
245 _cRichard J. Braun and Michael A. Williams
260 _c2014
300 _a3 : 3
650 _xBusiness
856 _uhttp://digitalcommons.pepperdine.edu/cgi/viewcontent.cgi?article=1101&context=jbel
999 _c311579
_d311579